[Event "C.to Provinciale TR"]
[Site "Terni ITA"]
[Date "1997.??.??"]
[Round "3"]
[White "Andreoli, Giorgio"]
[Black "Cerasi, Umberto"]
[Result "1/2-1/2"]
[WhiteElo "1953"]
[BlackElo "1920"]
[PlyCount "93"]
[EventDate "1997.??.??"]

1. d4 Nf6 2. c4 g6 3. Nc3 Bg7 4. e4 d6 5. h3 O-O 6. Bg5 c5 7. d5 e6 8. Nf3 exd5
9. cxd5 Re8 10. Bd3 h6 11. Be3 a6 12. a4 Nbd7 13. O-O b6 14. Nd2 Rb8 15. f4 b5
16. axb5 axb5 17. Bxb5 Nxd5 18. Nxd5 Rxb5 19. Nc4 Nb8 20. e5 dxe5 21. fxe5 Rf8
22. Nd6 Rxb2 23. Nxc8 Nc6 24. Nde7+ Nxe7 25. Qxd8 Rxd8 26. Nxe7+ Kh7 27. Bxc5
Rdd2 28. Rf2 Rxf2 29. Bxf2 Bxe5 30. Re1 Bc3 31. Rc1 Bd2 32. Rd1 Bg5 33. Nd5 Rb5
34. h4 Bd8 35. g3 h5 36. Ne3 Rb8 37. Rd7 Kg8 38. Nd5 Ra8 39. Bd4 Rb8 40. Kg2
Kf8 41. Bf6 Bxf6 42. Nxf6 Kg7 43. Ne4 Rf8 44. Kf3 Ra8 45. Kf4 Ra5 46. Nd6 Kh6
47. Nf5+ 1/2-1/2

[Event "C.to Provinciale TR"]
[Site "Terni ITA"]
[Date "1997.??.??"]
[Round "4"]
[White "Cardinali, Egidio"]
[Black "Andreoli, Giorgio"]
[Result "1/2-1/2"]
[WhiteElo "1597"]
[BlackElo "1953"]
[PlyCount "100"]
[EventDate "1997.??.??"]

1. e4 c5 2. b4 cxb4 3. a3 d5 4. axb4 dxe4 5. Nc3 Nf6 6. Bb5+ Nc6 7. Qe2 e6 8.
Qc4 Bd7 9. Nxe4 Nxb4 10. Nxf6+ gxf6 11. Rb1 Rc8 12. Bxd7+ Qxd7 13. Qe4 Nxc2+
14. Kf1 b6 15. Bb2 Be7 16. Nf3 Nb4 17. d4 Qb5+ 18. Kg1 Qd3 19. Qxd3 Nxd3 20.
Ba1 Rc2 21. h4 Nxf2 22. Rh2 Bd6 23. Ne5 fxe5 24. g4 Rg8 25. g5 h6 26. Rxf2 Rxf2
27. Kxf2 hxg5 28. h5 Ke7 29. dxe5 Bc5+ 30. Kf3 g4+ 31. Kg3 Be3 32. Bc3 Bh6 33.
Bb4+ Kd7 34. Rd1+ Kc6 35. Rf1 Rd8 36. Be7 Rd5 37. Rxf7 Rxe5 38. Kxg4 Re4+ 39.
Kg3 a5 40. Bf8 Bxf8 41. Rxf8 Re1 42. Rf2 Rd1 43. Re2 Kd6 44. h6 Ke7 45. h7 Rd8
46. Rb2 Kf6 47. Rxb6 Rh8 48. Rb7 Kg6 49. Re7 Rxh7 50. Rxe6+ Kf7 1/2-1/2

[Event "C.to Provinciale TR"]
[Site "Terni ITA"]
[Date "1997.??.??"]
[Round "4"]
[White "Cerasi, Umberto"]
[Black "Scaletti, Luciano"]
[Result "1-0"]
[WhiteElo "1920"]
[BlackElo "1630"]
[PlyCount "83"]
[EventDate "1997.??.??"]

1. e4 e5 2. Nf3 Nc6 3. Bb5 a6 4. Ba4 Nf6 5. O-O Be7 6. Re1 b5 7. Bb3 O-O 8. a4
b4 9. d3 d6 10. h3 Na5 11. Ba2 c5 12. Nbd2 Nc6 13. Nc4 a5 14. c3 Rb8 15. d4 Qc7
16. d5 Na7 17. Nfxe5 b3 18. Bb1 Ba6 19. Bd3 dxe5 20. Nxe5 c4 21. d6 Bxd6 22.
Nxc4 Bh2+ 23. Kh1 Rbd8 24. Qe2 Rxd3 25. Qxd3 Bxc4 26. Qd4 Rd8 27. Qe3 Bd6 28.
e5 Bc5 29. Qf4 Qe7 30. Qxc4 Bxf2 31. Rf1 Nh5 32. Rxf2 Rd7 33. Kh2 Qxe5+ 34. Bf4
Nxf4 35. Rd1 g5 36. g3 Ne6 37. Rdf1 h5 38. Rxf7 h4 39. Rf8+ Kg7 40. R1f7+ Kh6
41. Qxe6+ Qxe6 42. Rf6+ 1-0

[Event "C.to Provinciale TR"]
[Site "Terni ITA"]
[Date "1997.??.??"]
[Round "5"]
[White "Anasetti, Alberto"]
[Black "Cerasi, Umberto"]
[Result "0-1"]
[WhiteElo "1612"]
[BlackElo "1920"]
[PlyCount "96"]
[EventDate "1997.??.??"]

1. e4 d6 2. d4 Nf6 3. Nc3 g6 4. f4 Bg7 5. Nf3 O-O 6. Bd3 Bg4 7. h3 Bxf3 8. gxf3
Nh5 9. Be3 e5 10. fxe5 dxe5 11. d5 Qh4+ 12. Bf2 Qf4 13. Qd2 Qxf3 14. Be2 Qxh1+
15. Bf1 Qf3 16. Be2 Qxh3 17. Bxh5 Qxh5 18. Ne2 Nd7 19. Ng3 Qf3 20. a4 Nc5 21.
Ra3 Nxe4 22. Rxf3 Nxd2 23. Kxd2 f5 24. Rb3 b6 25. c4 Rad8 26. Ne2 e4 27. Bh4
Bh6+ 28. Ke1 Rd7 29. Nd4 f4 30. Ne6 Rf5 31. a5 e3 32. axb6 axb6 33. Ra3 g5 34.
Ra8+ Kf7 35. Rh8 Kg6 36. Bxg5 Bxg5 37. Rg8+ Kf6 38. Nd4 Bh4+ 39. Ke2 Rg5 40.
Rf8+ Rf7 41. Re8 Rg2+ 42. Kf3 Rf2+ 43. Kg4 Rg7+ 44. Kh5 Rh2 45. Re6+ Kf7 46.
Nf3 Bg3+ 47. Nxh2 Bxh2 48. Rc6 f3 0-1

[Event "C.to Provinciale TR"]
[Site "Terni ITA"]
[Date "1997.??.??"]
[Round "6"]
[White "Cardinali, Egidio"]
[Black "Scaletti, Luciano"]
[Result "0-1"]
[WhiteElo "1597"]
[BlackElo "1630"]
[PlyCount "62"]
[EventDate "1997.??.??"]

1. e4 e5 2. Nf3 Nc6 3. Bb5 a6 4. Bxc6 dxc6 5. O-O f6 6. d4 exd4 7. Nxd4 c5 8.
Nb3 Be6 9. Be3 Qxd1 10. Rxd1 b6 11. Nc3 Bd6 12. Nd5 O-O-O 13. a4 Ne7 14. Nf4
Bf7 15. a5 Kb7 16. g3 g5 17. Ne2 Bh5 18. Re1 Nc6 19. c3 Ne5 20. Kf1 Nf3 21.
Reb1 Nxh2+ 22. Ke1 Bf3 23. Nd2 Rhe8 24. b4 cxb4 25. axb6 cxb6 26. Nc4 Bxe4 27.
Rd1 Bc7 28. Nd4 Bd5 29. Nb2 bxc3 30. Nd3 Bc4 31. Nb4 Rxe3+ 0-1

[Event "I Weekend A"]
[Site "Trieste ITA"]
[Date "1997.??.??"]
[Round "1"]
[White "Miele, Roberto"]
[Black "Dilic, Roberto"]
[Result "0-1"]
[WhiteElo "1708"]
[BlackElo "1923"]
[PlyCount "70"]
[EventDate "1997.??.??"]

1. e4 d5 2. Nc3 d4 3. Nb1 Nc6 4. Bc4 Nf6 5. d3 h6 6. f4 Bg4 7. Ne2 e6 8. a3 Bc5
9. O-O Nxe4 10. Qe1 Nd6 11. b4 Bb6 12. Nd2 O-O 13. Ng3 a5 14. Bb2 axb4 15. h3
Bf5 16. Nge4 Bxe4 17. Nxe4 bxa3 18. Bxa3 Ba5 19. Qe2 Bb4 20. Bxb4 Nxb4 21. Bb3
Rxa1 22. Rxa1 b6 23. Qg4 Nxe4 24. dxe4 d3 25. Rd1 Qd4+ 26. Kh1 Qxe4 27. cxd3
Nxd3 28. Qg3 Nc5 29. Re1 Qd3 30. Re3 Qf1+ 31. Kh2 Nxb3 32. Rxb3 Rd8 33. f5 Qxf5
34. Qxc7 Rd2 35. Rf3 Qxf3 0-1

[Event "I Weekend A"]
[Site "Trieste ITA"]
[Date "1997.??.??"]
[Round "1"]
[White "Musco, Ilia"]
[Black "Solinas, Carlo"]
[Result "1/2-1/2"]
[WhiteElo "1654"]
[BlackElo "1949"]
[PlyCount "95"]
[EventDate "1997.??.??"]

1. e4 e5 2. Bc4 Nc6 3. d3 Nf6 4. Nc3 Be7 5. f4 d6 6. Nf3 Bg4 7. h3 Bxf3 8. Qxf3
Nd4 9. Qd1 h5 10. Ne2 d5 11. Nxd4 exd4 12. exd5 Bb4+ 13. c3 Bc5 14. Qe2+ Kd7
15. Kd1 Re8 16. Qf3 c6 17. dxc6+ bxc6 18. Bd2 Qb6 19. Kc2 Rab8 20. Rab1 a5 21.
g4 Re7 22. b4 axb4 23. cxb4 Bd6 24. g5 Nd5 25. a3 Ne3+ 26. Bxe3 Rxe3 27. Qxh5
Rbe8 28. Rh2 R8e7 29. Qg4+ Kd8 30. h4 Qa7 31. Rb3 Re1 32. Kb2 Rf1 33. g6 f6 34.
Qh5 Bxf4 35. Re2 Rxe2+ 36. Qxe2 Rh1 37. Qh5 Rh2+ 38. Kb1 Qe7 39. Qa5+ Bc7 40.
Qa8+ Kd7 41. Rb2 Rxb2+ 42. Kxb2 Qe2+ 43. Kb3 Qd1+ 44. Kb2 Qd2+ 45. Kb1 Qc3 46.
b5 cxb5 47. Bxb5+ Ke6 48. Qc8+ 1/2-1/2

[Event "I Weekend A"]
[Site "Trieste ITA"]
[Date "1997.??.??"]
[Round "1"]
[White "Ruzzier, Dario"]
[Black "Sorgo, Roberto"]
[Result "1-0"]
[WhiteElo "2115"]
[BlackElo "1759"]
[PlyCount "61"]
[EventDate "1997.??.??"]

1. d4 d5 2. c4 Nc6 3. cxd5 Qxd5 4. e3 e5 5. Nc3 Bb4 6. Bd2 Bxc3 7. bxc3 Qd6 8.
Bd3 Nf6 9. f3 O-O 10. Ne2 Be6 11. O-O a6 12. Qc2 Rfe8 13. Rad1 b5 14. Ng3 exd4
15. exd4 Rad8 16. Bg5 Bc4 17. Bxc4 bxc4 18. Ne4 Nxe4 19. Bxd8 Nxc3 20. Bxc7
Nxd4 21. Bxd6 Nxc2 22. Rd2 Nd4 23. Kf2 Ncb5 24. Bc5 c3 25. Rxd4 Nxd4 26. Bxd4
Rc8 27. Rc1 c2 28. Ke2 f5 29. Kd3 Kf7 30. Rxc2 Re8 31. Rc7+ 1-0

[Event "I Weekend A"]
[Site "Trieste ITA"]
[Date "1997.??.??"]
[Round "1"]
[White "Varini, Massimo"]
[Black "Stolfa, Rodolfo"]
[Result "1-0"]
[WhiteElo "2065"]
[BlackElo "1642"]
[PlyCount "123"]
[EventDate "1997.??.??"]

1. e4 e5 2. Nf3 Nc6 3. Bc4 d6 4. O-O Bg4 5. c3 Qf6 6. Be2 g6 7. d3 Bxf3 8. Bxf3
h5 9. Nd2 Bh6 10. Nc4 Bxc1 11. Rxc1 Nge7 12. Re1 g5 13. d4 g4 14. dxe5 Nxe5 15.
Be2 N7c6 16. Ne3 O-O-O 17. Nd5 Qg5 18. b4 Nf3+ 19. Bxf3 gxf3 20. Qxf3 Ne5 21.
Qh3+ Qg4 22. Re3 Kb8 23. Rce1 Rh6 24. Rg3 Qxh3 25. Rxh3 Rg8 26. Ree3 Re8 27.
Reg3 c6 28. Ne3 Ng6 29. Nf5 Rh7 30. Re3 Kc7 31. Rhf3 Ne5 32. Rf4 Ng6 33. Rff3
Ne5 34. Rg3 Ng6 35. f3 Rd8 36. Kf2 b5 37. Rg5 Kd7 38. Rd3 Kc7 39. Ng3 Nf4 40.
Rd1 h4 41. Nf5 Ng6 42. Rg4 Rd7 43. Rd4 Rd8 44. f4 Rd7 45. Kf3 a6 46. Rg5 Nf8
47. Rg7 Rxg7 48. Nxg7 Ne6 49. Nxe6+ fxe6 50. f5 exf5 51. exf5 d5 52. Rxh4 Kd6
53. Kf4 Rg7 54. Rh6+ Kd7 55. g4 Re7 56. f6 Re2 57. g5 Ke6 58. Rh7 Rf2+ 59. Ke3
Rf1 60. h4 Rg1 61. Re7+ Kd6 62. Kf4 1-0

[Event "I Weekend A"]
[Site "Trieste ITA"]
[Date "1997.??.??"]
[Round "1"]
[White "Visintin, Roberto"]
[Black "Quercioli, Riccardo"]
[Result "1/2-1/2"]
[WhiteElo "1839"]
[BlackElo "1633"]
[PlyCount "60"]
[EventDate "1997.??.??"]

1. e4 c6 2. d4 d5 3. Nd2 dxe4 4. Nxe4 Bf5 5. Ng3 Bg6 6. h4 h6 7. Nf3 Nd7 8. h5
Bh7 9. Bd3 Bxd3 10. Qxd3 Qc7 11. Bd2 e6 12. O-O-O Ngf6 13. Ne4 Nxe4 14. Qxe4
Nf6 15. Qe2 O-O-O 16. g3 Bd6 17. c4 c5 18. Bc3 Rhe8 19. dxc5 Qxc5 20. Ne5 Qc7
21. f4 Bc5 22. Kb1 Rxd1+ 23. Rxd1 Rd8 24. Rxd8+ Kxd8 25. g4 Kc8 26. g5 Ne8 27.
g6 f6 28. Nd3 Kd7 29. Qd2 Kc8 30. Qe2 Kd7 1/2-1/2

[Event "I Weekend A"]
[Site "Trieste ITA"]
[Date "1997.??.??"]
[Round "2"]
[White "Jovic, Stanoje"]
[Black "Varini, Massimo"]
[Result "1-0"]
[WhiteElo "2365"]
[BlackElo "2065"]
[PlyCount "87"]
[EventDate "1997.??.??"]

1. c4 g6 2. g3 Bg7 3. Bg2 d6 4. Nc3 e5 5. d3 Nf6 6. Bg5 h6 7. Bd2 O-O 8. Qc1
Kh7 9. h4 Nc6 10. h5 Nxh5 11. Bf3 f5 12. Bxh5 gxh5 13. Rxh5 f4 14. gxf4 exf4
15. Ne4 Bg4 16. Rh1 Be5 17. f3 Bd7 18. e3 Rg8 19. Ne2 Bf5 20. exf4 Bd4 21. Bc3
Bxc3+ 22. Qxc3 Rg2 23. Ng5+ Rxg5 24. fxg5 Qxg5 25. Qd2 Qxd2+ 26. Kxd2 Ne5 27.
Nd4 Rf8 28. f4 Ng6 29. Raf1 a6 30. Nxf5 Rxf5 31. Ke3 Ne7 32. Rhg1 h5 33. Rg5
Kh6 34. Rfg1 Rxg5 35. Rxg5 h4 36. Kf3 Nc6 37. Kg4 Nb4 38. d4 Nc2 39. Rh5+ Kg6
40. f5+ Kf7 41. Kg5 Nxd4 42. Rh7+ Kg8 43. Rxc7 h3 44. Kg6 1-0

[Event "I Weekend A"]
[Site "Trieste ITA"]
[Date "1997.??.??"]
[Round "2"]
[White "Pellis, Franco"]
[Black "Miele, Roberto"]
[Result "1-0"]
[WhiteElo "1600"]
[BlackElo "1708"]
[PlyCount "61"]
[EventDate "1997.??.??"]

1. c4 Nf6 2. Nc3 e5 3. d3 Nc6 4. Nf3 d5 5. cxd5 Nxd5 6. g3 Be7 7. Bg2 Be6 8.
O-O O-O 9. Bd2 f5 10. Qb3 Bf7 11. Nxe5 Nxc3 12. Nxf7 Nxe2+ 13. Kh1 Rxf7 14. Bd5
Qf8 15. Qxb7 Ned4 16. Bc3 Rb8 17. Qa6 Rb6 18. Qc4 Bf6 19. Rae1 Ne7 20. Rxe7
Qxe7 21. Bxd4 Bxd4 22. Qxd4 Kf8 23. Bxf7 Kxf7 24. Rc1 a6 25. Qc4+ Kg6 26. b3
Re6 27. Qxc7 Re1+ 28. Kg2 Qe2 29. Rc6+ Kh5 30. Qf7+ g6 31. Qxh7+ 1-0

[Event "I Weekend A"]
[Site "Trieste ITA"]
[Date "1997.??.??"]
[Round "2"]
[White "Quercioli, Riccardo"]
[Black "Musco, Ilia"]
[Result "1-0"]
[WhiteElo "1633"]
[BlackElo "1654"]
[PlyCount "63"]
[EventDate "1997.??.??"]

1. d4 d5 2. c4 e6 3. Nc3 c5 4. cxd5 cxd4 5. Qxd4 Nc6 6. Qd1 exd5 7. e3 Nf6 8.
Nf3 Bc5 9. Be2 Be6 10. O-O O-O 11. Nd4 a6 12. Bf3 Qe7 13. Nxc6 bxc6 14. Qa4 Qc7
15. Qh4 Rfd8 16. Ne2 Bf5 17. Bd2 Ne4 18. Bxe4 Bxe4 19. Bc3 Bd6 20. Rac1 Rac8
21. Rfd1 f6 22. Nd4 Qf7 23. Ba5 Qg6 24. f3 Re8 25. fxe4 Rxe4 26. Qh3 Rce8 27.
Nf5 Bb8 28. Bb6 Qg5 29. Rxc6 g6 30. Ng3 Rh4 31. Qd7 Rf8 32. Qxd5+ 1-0

[Event "I Weekend A"]
[Site "Trieste ITA"]
[Date "1997.??.??"]
[Round "2"]
[White "Sorgo, Roberto"]
[Black "Kusterle, Francesco"]
[Result "1-0"]
[WhiteElo "1759"]
[BlackElo "1623"]
[PlyCount "97"]
[EventDate "1997.??.??"]

1. d4 d6 2. Nf3 f5 3. c4 Nf6 4. Nc3 g6 5. Bg5 Bg7 6. e3 O-O 7. Bd3 Nbd7 8. O-O
e5 9. e4 f4 10. b4 c6 11. Qb3 Kh8 12. Rad1 Qe8 13. Bxf6 Bxf6 14. dxe5 dxe5 15.
c5 g5 16. Nd2 g4 17. f3 g3 18. hxg3 fxg3 19. Ne2 Rg8 20. Rfe1 Qh5 21. Nf1 Qh4
22. Nexg3 Rxg3 23. Nxg3 Qxg3 24. Qe6 Qg6 25. Qd6 Qg7 26. Bc4 Be7 27. Qc7 Nf8
28. Re2 Be6 29. Bxe6 Nxe6 30. Qxb7 Rf8 31. Rd7 Rf7 32. Qb8+ Nf8 33. Rd3 h5 34.
Qc8 h4 35. Qxc6 Ng6 36. Qc8+ Kh7 37. Rc2 Nf4 38. Rb3 h3 39. g4 Bh4 40. c6 Nh5
41. Rd3 Qg5 42. Qe6 h2+ 43. Kh1 Ng3+ 44. Kxh2 Qf4 45. Qxf7+ Qxf7 46. Rd7 Be7
47. Kxg3 Qf4+ 48. Kg2 Qf6 49. c7 1-0

[Event "I Weekend A"]
[Site "Trieste ITA"]
[Date "1997.??.??"]
[Round "3"]
[White "Dilic, Roberto"]
[Black "Jovic, Stanoje"]
[Result "0-1"]
[WhiteElo "1923"]
[BlackElo "2365"]
[PlyCount "54"]
[EventDate "1997.??.??"]

1. e4 c6 2. d4 d5 3. Nd2 dxe4 4. Nxe4 Nf6 5. Nxf6+ exf6 6. Nf3 Bd6 7. Bc4 O-O
8. Be3 Bg4 9. h3 Bh5 10. g4 Bg6 11. Bd3 f5 12. Qd2 Qf6 13. Ne5 Bxe5 14. dxe5
Qxe5 15. O-O-O Qe6 16. Qb4 b5 17. gxf5 Bxf5 18. Rhg1 Bxd3 19. Rxd3 Nd7 20. Rd6
Qxa2 21. Rxg7+ Kxg7 22. Qg4+ Kh8 23. Bd4+ f6 24. Rxd7 Qg8 25. Qf3 Qe6 26. Qd1
Rad8 27. Rc7 Qd6 0-1

[Event "I Weekend A"]
[Site "Trieste ITA"]
[Date "1997.??.??"]
[Round "3"]
[White "Kusterle, Francesco"]
[Black "Stolfa, Rodolfo"]
[Result "1-0"]
[WhiteElo "1623"]
[BlackElo "1642"]
[PlyCount "65"]
[EventDate "1997.??.??"]

1. e4 e5 2. Bc4 Nf6 3. Qe2 Nc6 4. Nf3 d6 5. h3 Be7 6. Nc3 O-O 7. a3 b6 8. d3
Bb7 9. Ng5 Nd4 10. Qd1 d5 11. Ba2 dxe4 12. Ncxe4 Nxe4 13. Nxe4 Kh8 14. O-O f5
15. Ng3 Rf6 16. c3 Nb5 17. Qe2 f4 18. Ne4 Rg6 19. Bd2 Qd7 20. Kh2 Nd6 21. Rad1
Rf8 22. f3 Nf5 23. Rg1 Rh6 24. Nf2 Bd6 25. Ng4 Ng3 26. Qe1 Rh5 27. d4 exd4 28.
cxd4 Re8 29. Ne5 Bxe5 30. dxe5 Qb5 31. Bxf4 Ne2 32. Qf1 Ba6 33. Bf7 {...} 1-0

[Event "I Weekend A"]
[Site "Trieste ITA"]
[Date "1997.??.??"]
[Round "3"]
[White "Musco, Ilia"]
[Black "Miele, Roberto"]
[Result "1-0"]
[WhiteElo "1654"]
[BlackElo "1708"]
[PlyCount "91"]
[EventDate "1997.??.??"]

1. e4 e5 2. Bc4 Nf6 3. d3 Nc6 4. Nc3 Be7 5. f4 exf4 6. Bxf4 d6 7. Nf3 Bg4 8. h3
Bxf3 9. Qxf3 Ne5 10. Bxe5 dxe5 11. O-O-O O-O 12. g4 c6 13. d4 Qc7 14. Qf5 b5
15. g5 Nd7 16. Bb3 g6 17. Qg4 exd4 18. Rxd4 Nb6 19. Rdd1 a5 20. a4 bxa4 21.
Nxa4 Nxa4 22. Bxa4 Rab8 23. h4 Qe5 24. c3 Qc5 25. Rhe1 Rxb2 26. Kxb2 Qa3+ 27.
Kc2 Qxa4+ 28. Kd3 Qa2 29. Qe2 Rd8+ 30. Ke3 Bc5+ 31. Kf3 Qxe2+ 32. Kxe2 Ra8 33.
Rd7 a4 34. Rf1 Rf8 35. Rc7 a3 36. Rxc6 Be7 37. Ra6 Rb8 38. Ra7 Kf8 39. Kd3 Rb2
40. Ra8+ Kg7 41. Ra7 Kf8 42. h5 gxh5 43. Rh1 h4 44. Rxh4 a2 45. Rxh7 Kg8 46. g6
1-0

[Event "I Weekend A"]
[Site "Trieste ITA"]
[Date "1997.??.??"]
[Round "3"]
[White "Ruzzier, Dario"]
[Black "Quercioli, Riccardo"]
[Result "1-0"]
[WhiteElo "2115"]
[BlackElo "1633"]
[PlyCount "53"]
[EventDate "1997.??.??"]

1. d4 d5 2. c4 e6 3. Nc3 c5 4. cxd5 cxd4 5. Qxd4 Nc6 6. Qa4 exd5 7. Nf3 Bb4 8.
Bd2 Be6 9. Nd4 Nge7 10. a3 Bc5 11. Nxe6 fxe6 12. Qg4 Nd4 13. O-O-O Qb6 14. Bg5
Nef5 15. e3 Bxa3 16. Bb5+ Nxb5 17. Qa4 Rc8 18. Kb1 Rxc3 19. bxc3 O-O 20. Ka1
Rc8 21. Rb1 a6 22. Qxa3 Rc4 23. Rhc1 Qc6 24. Qa5 Nxc3 25. Rb4 Rc5 26. Qb6 Qd6
27. g4 1-0

[Event "I Weekend A"]
[Site "Trieste ITA"]
[Date "1997.??.??"]
[Round "3"]
[White "Varini, Massimo"]
[Black "Sorgo, Roberto"]
[Result "1/2-1/2"]
[WhiteElo "2065"]
[BlackElo "1759"]
[PlyCount "66"]
[EventDate "1997.??.??"]

1. e4 Nf6 2. e5 Nd5 3. d4 d6 4. Nf3 g6 5. Bc4 Nb6 6. Bb3 Nc6 7. exd6 cxd6 8. c3
Bg7 9. O-O O-O 10. a4 Bg4 11. Nbd2 e5 12. h3 Bf5 13. a5 Nc8 14. dxe5 dxe5 15.
Nc4 Bd3 16. Bg5 N8e7 17. Re1 e4 18. Nfd2 h6 19. Be3 Bxc4 20. Nxc4 Nf5 21. Bc5
Re8 22. Qc2 Qd3 23. Rad1 Qxc2 24. Bxc2 Rac8 25. Bxe4 Nxa5 26. Bxf5 Rxe1+ 27.
Rxe1 Rxc5 28. Nxa5 Rxa5 29. Re8+ Kh7 30. Bd3 Rd5 31. Bc4 Rd7 32. h4 Bf6 33. g3
Kg7 1/2-1/2

[Event "I Weekend A"]
[Site "Trieste ITA"]
[Date "1997.??.??"]
[Round "3"]
[White "Visintin, Roberto"]
[Black "Pellis, Franco"]
[Result "1/2-1/2"]
[WhiteElo "1839"]
[BlackElo "1600"]
[PlyCount "45"]
[EventDate "1997.??.??"]

1. e4 d6 2. d4 Nf6 3. Nc3 g6 4. Nf3 Bg7 5. h3 c5 6. e5 dxe5 7. dxe5 Qxd1+ 8.
Kxd1 Nfd7 9. Nd5 Kd8 10. Bf4 Nb6 11. Nxb6 axb6 12. Ng5 Ke8 13. Bc4 e6 14. Ne4
Bd7 15. Nd6+ Kf8 16. Re1 Bc6 17. f3 Na6 18. Bxa6 bxa6 19. Ke2 g5 20. Bg3 Ke7
21. Kf1 Ra7 22. Ne4 Bxe4 23. Rxe4 1/2-1/2

[Event "I Weekend A"]
[Site "Trieste ITA"]
[Date "1997.??.??"]
[Round "4"]
[White "Jovic, Stanoje"]
[Black "Ruzzier, Dario"]
[Result "1-0"]
[WhiteElo "2365"]
[BlackElo "2115"]
[PlyCount "93"]
[EventDate "1997.??.??"]

1. c4 e6 2. Nf3 d5 3. e3 Nf6 4. b3 c5 5. Bb2 Nc6 6. cxd5 exd5 7. Bb5 Bd7 8. O-O
Be7 9. d4 O-O 10. dxc5 Bxc5 11. Nc3 a6 12. Bd3 Bg4 13. Ne2 Ne4 14. h3 Bf5 15.
Ned4 Bg6 16. Nxc6 bxc6 17. Ne5 Qg5 18. Qg4 Bxe3 19. Bxe4 Bxe4 20. fxe3 Qxe3+
21. Kh2 Qd2 22. Bc1 Qc3 23. Qg3 Qxa1 24. Bh6 Qxe5 25. Qxe5 gxh6 26. Rf6 Rae8
27. Qd6 Rd8 28. Qg3+ Kh8 29. Qe5 Kg8 30. Rxc6 Rfe8 31. Qg3+ Bg6 32. Rd6 d4 33.
Qf4 d3 34. h4 Rxd6 35. Qxd6 Re2 36. Qd8+ Kg7 37. Qd4+ Kg8 38. Qd8+ Kg7 39. Kh3
Rxa2 40. h5 Be4 41. Qd4+ Kg8 42. Qxe4 d2 43. Qd5 Rc2 44. g4 a5 45. Kg3 Ra2 46.
g5 hxg5 47. h6 1-0

[Event "I Weekend A"]
[Site "Trieste ITA"]
[Date "1997.??.??"]
[Round "4"]
[White "Miele, Roberto"]
[Black "Stolfa, Rodolfo"]
[Result "1-0"]
[WhiteElo "1708"]
[BlackElo "1642"]
[PlyCount "85"]
[EventDate "1997.??.??"]

1. e4 e5 2. Nf3 Nc6 3. Bc4 Be7 4. Nc3 Nf6 5. d3 d6 6. h3 Na5 7. Bb3 c6 8. Bd2
b5 9. Ne2 Nxb3 10. axb3 a5 11. O-O c5 12. Ng3 Bd7 13. Qe1 b4 14. Bg5 Qc8 15.
Kh2 g6 16. Bxf6 Bxf6 17. Qe3 h6 18. Ne2 Qd8 19. Nd2 g5 20. Nc4 Be6 21. Qf3 Bxc4
22. dxc4 g4 23. Qxg4 h5 24. Qf5 h4 25. Rfd1 Ke7 26. Rd3 Qg8 27. Rad1 Rd8 28.
Ra1 Ra8 29. Rad1 Ra6 30. Rf3 Rh6 31. Rfd3 Bg5 32. f4 Bf6 33. Qg4 Rg6 34. Qf3
exf4 35. Kh1 Be5 36. Rd5 a4 37. bxa4 Rxa4 38. Nxf4 Rf6 39. Rxe5+ Kd7 40. Rf5
Rxf5 41. exf5 Ra7 42. Qd5 Rc7 43. Qxd6+ 1-0

[Event "I Weekend A"]
[Site "Trieste ITA"]
[Date "1997.??.??"]
[Round "4"]
[White "Quercioli, Riccardo"]
[Black "Varini, Massimo"]
[Result "0-1"]
[WhiteElo "1633"]
[BlackElo "2065"]
[PlyCount "82"]
[EventDate "1997.??.??"]

1. e4 e5 2. Nc3 c6 3. d4 d6 4. Nf3 Nd7 5. Bc4 Be7 6. O-O h6 7. Qe2 Ngf6 8. a4
O-O 9. Rd1 Qc7 10. a5 Re8 11. dxe5 dxe5 12. h3 Bb4 13. Bxf7+ Kxf7 14. Qc4+ Kf8
15. Qxb4+ Kg8 16. Be3 Nf8 17. Qd6 Qf7 18. Qd3 Qh5 19. Nh2 Qg6 20. Kh1 Ne6 21.
Qc4 Kh8 22. Rd6 Qh5 23. a6 Nf4 24. axb7 Bxb7 25. Bxf4 exf4 26. Nf3 c5 27. Re1
Rad8 28. Rxd8 Rxd8 29. Kg1 Bc8 30. e5 Nh7 31. e6 Bb7 32. Ne5 Ng5 33. Nf7+ Nxf7
34. exf7 Qg6 35. f3 Rf8 36. Qxc5 Rxf7 37. Re8+ Kh7 38. Ne4 Rf5 39. Re5 Bxe4 40.
fxe4 f3 41. g4 f2+ 0-1

[Event "I Weekend A"]
[Site "Trieste ITA"]
[Date "1997.??.??"]
[Round "4"]
[White "Solinas, Carlo"]
[Black "Pellis, Franco"]
[Result "1-0"]
[WhiteElo "1949"]
[BlackElo "1600"]
[PlyCount "65"]
[EventDate "1997.??.??"]

1. e4 d6 2. d4 Nf6 3. Nc3 g6 4. Bg5 Bg7 5. e5 dxe5 6. dxe5 Qxd1+ 7. Rxd1 Nfd7
8. Nd5 Bxe5 9. Nf3 Bd6 10. Bxe7 Bxe7 11. Nxc7+ Kf8 12. Nxa8 Bd8 13. Bb5 a6 14.
Ba4 Kg7 15. O-O Nc5 16. Bb3 Nxb3 17. cxb3 b5 18. Rc1 Bb7 19. Nc7 Bf6 20. Ne6+
Kh6 21. Ned4 Re8 22. Rfe1 Rd8 23. Red1 Nc6 24. Nxc6 Rxd1+ 25. Rxd1 Bxc6 26. Rd6
Bxf3 27. Rxf6 Bd5 28. Rxa6 Kg5 29. Rb6 Kf4 30. Rxb5 Be6 31. a4 h5 32. a5 g5 33.
a6 1-0

[Event "I Weekend A"]
[Site "Trieste ITA"]
[Date "1997.??.??"]
[Round "4"]
[White "Sorgo, Roberto"]
[Black "Musco, Ilia"]
[Result "1-0"]
[WhiteElo "1759"]
[BlackElo "1654"]
[PlyCount "55"]
[EventDate "1997.??.??"]

1. d4 d5 2. Nf3 c5 3. e3 Nc6 4. b3 Nf6 5. Bb2 e6 6. a3 Bd6 7. Bd3 Qc7 8. Nbd2
Bd7 9. O-O e5 10. dxe5 Nxe5 11. Nxe5 Bxe5 12. Bxe5 Qxe5 13. c4 Bc6 14. Nf3 Qh5
15. Be2 Qf5 16. cxd5 Rd8 17. b4 O-O 18. Qb3 Bxd5 19. Qa4 cxb4 20. axb4 a6 21.
Rac1 Bc6 22. Qb3 Rfe8 23. Rc5 Qe4 24. Rfc1 Rd2 25. Rxc6 Rxe2 26. Rc7 Rf8 27.
Kf1 Nd5 28. Kxe2 1-0

[Event "I Weekend A"]
[Site "Trieste ITA"]
[Date "1997.??.??"]
[Round "5"]
[White "Dilic, Roberto"]
[Black "Solinas, Carlo"]
[Result "1-0"]
[WhiteElo "1923"]
[BlackElo "1949"]
[PlyCount "138"]
[EventDate "1997.??.??"]

1. e4 e5 2. Bc4 Nc6 3. Nf3 Nf6 4. d3 Be7 5. O-O d6 6. c3 O-O 7. Bb3 Kh8 8. Re1
Ng8 9. d4 f5 10. dxe5 fxe4 11. Rxe4 Bf5 12. Re3 dxe5 13. Qxd8 Raxd8 14. Nbd2
Bc5 15. Re1 Bd3 16. Ne4 Bb6 17. Nfg5 h6 18. Ne6 Bxe4 19. Nxf8 Bf5 20. Ne6 Rd6
21. Nf4 exf4 22. Re8 Rd8 23. Rxd8 Nxd8 24. Bxf4 Nf6 25. Re1 Nc6 26. Be3 Bxe3
27. Rxe3 Kh7 28. f3 h5 29. Ba4 Nd5 30. Re1 Bd7 31. Kf2 Kg6 32. g3 Kf6 33. Rd1
Be6 34. Bxc6 bxc6 35. Rd4 Nb6 36. b3 c5 37. Rf4+ Bf5 38. g4 g6 39. gxf5 gxf5
40. c4 Nd7 41. Rh4 Kg5 42. Kg3 Nf8 43. f4+ Kg6 44. Kf3 Ne6 45. Rh3 Nd4+ 46. Ke3
Nc2+ 47. Kd2 Nd4 48. Rg3+ Kf6 49. Kd3 Ne6 50. Ke3 Ng7 51. h4 Ke7 52. Rg5 Kf6
53. b4 cxb4 54. Rxg7 Kxg7 55. Kd4 Kf6 56. Kc5 Ke6 57. Kxb4 Kd6 58. a4 c6 59.
Ka5 Kc5 60. Ka6 Kxc4 61. Kxa7 Kb4 62. Kb6 c5 63. a5 c4 64. a6 c3 65. a7 c2 66.
a8=Q c1=Q 67. Qa5+ Kb3 68. Qb5+ Ka2 69. Qxf5 Qe3+ 1-0

[Event "I Weekend A"]
[Site "Trieste ITA"]
[Date "1997.??.??"]
[Round "5"]
[White "Kusterle, Francesco"]
[Black "Visintin, Roberto"]
[Result "0-1"]
[WhiteElo "1623"]
[BlackElo "1839"]
[PlyCount "52"]
[EventDate "1997.??.??"]

1. e4 Nf6 2. Qf3 Nc6 3. c3 d5 4. d3 Bg4 5. Qe3 dxe4 6. d4 e5 7. Bb5 exd4 8.
Bxc6+ bxc6 9. cxd4 c5 10. f3 cxd4 11. Qe2 Bf5 12. g4 Be6 13. g5 exf3 14. Nxf3
d3 15. Qg2 Nd5 16. a3 Bc5 17. b4 Bb6 18. Ne5 O-O 19. Kd1 Ne3+ 20. Bxe3 Bxe3 21.
Nd2 Qd4 22. Rb1 Qxe5 23. h4 Bd5 24. Nf3 Qc3 25. Rf1 Bb3+ 26. Rxb3 Qc1# 0-1

[Event "I Weekend A"]
[Site "Trieste ITA"]
[Date "1997.??.??"]
[Round "5"]
[White "Pellis, Franco"]
[Black "Quercioli, Riccardo"]
[Result "1/2-1/2"]
[WhiteElo "1600"]
[BlackElo "1633"]
[PlyCount "89"]
[EventDate "1997.??.??"]

1. c4 e5 2. Nc3 Nf6 3. d3 d5 4. cxd5 Nxd5 5. Nf3 Nc6 6. g3 Be7 7. Bg2 Nb6 8.
O-O Be6 9. a3 a5 10. Be3 Nd5 11. Nxd5 Bxd5 12. Rc1 O-O 13. Bc5 a4 14. Bxe7 Qxe7
15. Nd2 Bxg2 16. Kxg2 Nd4 17. e3 Ne6 18. Qc2 Qd7 19. Nf3 Qd5 20. Rfd1 Ra6 21.
Qc4 Rd8 22. Qh4 f6 23. Qc4 Kf7 24. Rd2 c5 25. Qh4 Kg8 26. Qg4 b5 27. h4 Rad6
28. h5 Qb7 29. Rcd1 Ng5 30. e4 Nxf3 31. Qxf3 Qd7 32. Kf1 Rd4 33. Ke2 Qe6 34.
Qf5 Qxf5 35. exf5 h6 36. f3 Kf7 37. Rc1 c4 38. Rc3 Ke7 39. Ke3 R8d6 40. Ke2 Kd7
41. Ke3 Kc6 42. Ke2 Kd5 43. Ke3 Kc6 44. Ke2 Kc5 45. Ke3 1/2-1/2